No te cruces en tu camino: no puedes evitar quien eres
Uloženo v:
| Hlavní autor: | |
|---|---|
| Médium: | Kniha |
| Jazyk: | španělština |
| Vydáno: |
Buenos Aires
Debolsillo
2011
|
| Vydání: | 3a. ed |
| Témata: | |
| Tagy: |
Přidat tag
Žádné tagy, Buďte první, kdo vytvoří štítek k tomuto záznamu!
|
MARC
| LEADER | 00000nam a2200000 a 4500 | ||
|---|---|---|---|
| 001 | UCG6692 | ||
| 003 | CL-VaPUC | ||
| 008 | 110512e20110200AG |||||||||||||||||spa|d | ||
| 020 | |a 9789875664838 | ||
| 082 | 0 | 4 | |a 181 |b OSH |2 21 |
| 100 | |a Osho |e autor |9 595157 | ||
| 245 | 1 | 0 | |a No te cruces en tu camino: no puedes evitar quien eres |
| 250 | |a 3a. ed | ||
| 300 | |a 271 p | ||
| 942 | |c BK | ||
| 945 | |d 20110512 00:00:00 |a jcampos | ||
| 260 | |a Buenos Aires |b Debolsillo |c 2011 | ||
| 650 | 0 | |a Filosofía oriental |9 319113 | |
| 650 | 7 | |a FILOSOFIA INDIA |2 CL-VaPUC |9 557024 | |
| 650 | 0 | |a Autoayuda |9 317869 | |
| 650 | 0 | |a Vida espiritual |9 307811 | |
| 583 | |a last modification |c 20110512 00:00:00 |k Rodrigo Vera | ||
| 999 | |c 344843 |d 344841 | ||
| 952 | |0 0 |1 0 |4 0 |6 181_000000000000000_OSH_2011 |7 0 |8 C |9 443165 |a BIBCUR |b BIBCUR |d 2019-11-22 |i 4776267 |l 7 |o 181 OSH 2011 |p 4776267 |r 2025-04-22 |s 2025-04-10 |w 2019-11-22 |y BK |k CAC | ||